000 01092nam a22002655i 4500
001 176579
003 ES-MaACL
005 20231204210843.0
008 110125s1945 sp a |||| | spa d
080 _a821.134.2-293"19"
100 1 _aRomero, Federico.
_999322
245 1 0 _aDoña Francisquita
_b: comedia lírica en tres actos, el último dividido en dos cuadros, inspirada en La discreta enamorada, de Lope de Vega /
_cFederico Romero y Guillermo Fernández Shaw ; música de Amadeo Vives.
260 _aMadrid :
_b[s. n.,
_c1945?]
300 _a86 p. ;
_c17 cm.
490 1 _aBiblioteca teatral ;
_v158
500 _aAnteportada ilustrada.
500 _aEn port. : Representada por primera vez en el Teatro Apolo, de Madrid, el 17 de octubre de 1923.
500 _aEncuadernado con otros títulos.
597 _aEn el lomo: 156-167.
700 1 _aFernández-Shaw, Guillermo,
_d1893-1965
_950102
700 1 _aVives, Amadeo,
_d1871-1932
_9115566
830 0 _aBiblioteca teatral ;
_v158
_9190120
852 _aES-MaACL
_jE-14127 (158)
_xOlim P-302
999 _c176579
_d176579